00349nam a2200145Ia 4500008004100000020001500041041001200056082001100068100001400079245004600093250000800139260003400147300000800181650001400189221030s9999 xx 000 0 und d a9381068305 aEnglish a105.23 aR. Bangia 0aMultimedia & Web Technologycby R. Bangia a3rd bKhanna Pub.aNew Delhic2011 a494 aComputers